The last hurrah

Novela de ficción sobre política, se centra en la elección de alcalde en una ciudad anónima de la costa este. El veterano político irlandés del Partido Demócrata Frank Skeffington se postula para otro mandato como alcalde. Como ex gobernador, generalmente se le llama con el título honorífico de &quo...

Ful tanımlama

Kaydedildi:
Detaylı Bibliyografya
Yazar: O´Connor, Edwin
Materyal Türü: Kitap
Dil:Undetermined
Baskı/Yayın Bilgisi: Boston, Estados Unidos Little Brown 1956
Konular:
Etiketler: Etiketle
Etiket eklenmemiş, İlk siz ekleyin!

MARC

LEADER 00000nam a2200000Ia 4500
008 170316s9999 xx 000 0 und d
040 |a 575ES 
040 |a cru BVZT 
090 |a 810 O-3L 
100 |a O´Connor, Edwin  |9 1240 
245 4 |a The last hurrah  |c / Edwin O´Connor  
260 |a Boston, Estados Unidos 
260 |b Little Brown 
260 |c 1956 
300 |a 427 páginas 
520 |a Novela de ficción sobre política, se centra en la elección de alcalde en una ciudad anónima de la costa este. El veterano político irlandés del Partido Demócrata Frank Skeffington se postula para otro mandato como alcalde. Como ex gobernador, generalmente se le llama con el título honorífico de "Gobernador". Inspirada en la carrera del antiguo alcalde de Boston, James M. Curley, retrata a su jefe político irlandés-estadounidense como un demagogo y un pícaro que, sin embargo, comprende profundamente a sus electores. 
650 |a LITERATURA ESTADOUNIDENSE  |9 25 
999 |c 5989  |d 5989 
942 |c 15 D  |h 810 O-3L  |2 z